La pasión de Cristo II

Збережено в:
Бібліографічні деталі
Автор: Bentué, Antonio (autor)
Формат: Книга
Мова:Іспанська
Опубліковано: Santiago Grijalbo 2004
Редагування:1a. ed
Предмети:
Теги: Додати тег
Немає тегів, Будьте першим, хто поставить тег для цього запису!

MARC

LEADER 00000cam a2200000 a 4500
001 UCK0227
003 CL-VaPUC
008 040924e20040000CL |||||||||||||||||spa|d
020 |a 9562581764 
082 0 4 |a 232.96  |b BEN  |2 21 
100 |a Bentué, Antonio  |e autor  |9 598242 
245 1 3 |a La pasión de Cristo II 
250 |a 1a. ed 
300 |a 256 p 
942 |c BK 
945 |d 20040924 00:00:00  |a vberengu 
260 |a Santiago  |b Grijalbo  |c 2004 
600 0 |a Jesucristo  |9 481811 
650 0 |a Teología cristiana  |9 308336 
650 0 |a Cristología   |9 315091 
583 |a last modification  |c 20181130 01:30:06  |k Rodrigo Vera 
999 |c 310716  |d 310714 
952 |0 0  |1 0  |4 0  |6 232_960000000000000_BEN_2004  |7 0  |8 A  |9 379624  |a BIBTEO  |b BIBTEO  |d 2019-11-21  |i 4064305  |o 232.96 BEN 2004  |p 4064305  |r 2025-01-17  |w 2019-11-21  |y BK  |k ICR 
952 |0 0  |1 0  |3 erb  |4 0  |6 232_960000000000000_BEN_2004  |7 0  |8 A  |9 379625  |a BIBTEO  |b BIBTEO  |e Precht Pizarro, Jorge Enrique  |i 5519578  |o 232.96 BEN 2004  |p 5519578  |r 2025-01-17  |w 2019-11-21  |y BK  |z Catalogado en:20181130  |k ICR